| 000 | 00847nam a2200205 a 4500 | ||
|---|---|---|---|
| 001 | BRCA_627 | ||
| 005 | 20190320203104.0 | ||
| 008 | 181005s2005----us-a---###---#000-0#eng-d | ||
| 020 | _a0971277214 | ||
| 050 | 4 |
_aN6505 _b.F67 2005 |
|
| 245 | 1 | 0 |
_aFor the People _cAmerican Folk Art from the Collection of Thomas H. Oxford and Victor Gail. |
| 260 |
_aOxford _bLong Beach Museum of Art _c2005 |
||
| 300 |
_a1 v. (sin paginación) _bil. a color _c29 cm. |
||
| 500 | _aCatálogo de la exposición realizada en el Long Beach Museum of Art (California), 10 septiembre - 16 enero, 2005 | ||
| 650 | 1 | 4 |
_aArte popular _ySiglo XVIII-XIX _zEstados Unidos _92126 |
| 650 | 1 | 4 |
_aArte popular _xColecciones privadas _zEstados Unidos _92127 |
| 700 | 1 |
_aOxford, Thomas H. _cColecciones de arte _92128 |
|
| 700 | 1 |
_aGail, Victor _cColecciones de arte _92129 |
|
| 942 |
_2lcc _cB |
||
| 999 |
_c550 _d550 |
||